Curvature and Betti numbers
Saved in:
| Main Author: | |
|---|---|
| Other Authors: | |
| Format: | Book |
| Language: | English |
| Published: |
Princeton :
Princeton University Press,
1953
|
| Series: | Annals of mathematics studies ;
; 32 |
| Subjects: | |
| Tags: |
Add Tag
No Tags, Be the first to tag this record!
|
MARC
| LEADER | 00000nam a2200000 i 4500 | ||
|---|---|---|---|
| 001 | 1/75145 | ||
| 008 | 080220s1953 eng d | ||
| 020 | |a 0-691-09583-3 | ||
| 035 | |l 10094845 | ||
| 040 | |a GR-MY-UA |b gre |e aacr | ||
| 041 | 0 | |a eng | |
| 082 | 0 | |a 516.362 |2 (22) | |
| 100 | 1 | |a Yano, Kentaro |d 1912- | |
| 245 | 1 | 0 | |a Curvature and Betti numbers / |c by K. Yano and S. Bochner |
| 260 | |a Princeton : |b Princeton University Press, |c 1953 | ||
| 300 | |a ix, 190 σ.; |c 26 εκ. | ||
| 490 | 1 | |a Annals of mathematics studies |v ; 32 | |
| 650 | 0 | 0 | |a Curvature. |
| 650 | 0 | 0 | |a Geometry, Differential. |
| 700 | 1 | |a Bochner, S. |q (Salomon) |d 1899- | |
| 830 | 0 | |a Annals of mathematics studies ; |v ; 32 | |
| 852 | |a INST |b SAMOS |e 20080220 |h 516.362 YAN |p 005300026831 |q 005300026831 |t BK |y 0 | ||
| 901 | |a BIBL3-2008-1 | ||
| 909 | |a Σ |b 142303 | ||
| 922 | |a 3ΕΛΗ |b 200712 |c ΕΠΕΑΕΚ2/ΤΜΗΜΑ ΜΑΘΗΜΑΤΙΚΩΝ |d ΠΑΠΑΣΩΤΗΡΙΟΥ | ||
| 970 | |a ΡΟΥΣΣΟΥ |b ΚΩΝΣΤΑΝΤΙΝΑ |z 2008/02/20 | ||